Indovina la Città dalle Emoji - Statistics

Statistiche generali
  • Questo quiz è stato fatto 148 volte
  • Il punteggio medio è 9 su 20
Statistiche sulle risposte
Hint Risposta % Corretto
🗽🚖🍎 New York
98%
🎭🍝🛶 Venezia
91%
🍣🗼🚅 Tokyo
82%
🌶️🌮💀 Città del Messico
78%
🌿🏛️🦉 Atene
73%
🕍🥖🎨 Parigi
73%
🎰🏜️🌵 Las Vegas
72%
🦘🏏🌞 Sydney
60%
🌉🐟🍚 San Francisco
43%
🚋🏔️🧀 Zurigo
43%
🏰🍺🥨 Monaco di Baviera
41%
🏰🍺🎵 Vienna
34%
🎡🌊🚤 Londra
22%
⛪🥩🏞️ Buenos Aires
21%
🕌🐫🔥 Dubai
21%
🏖️🕺🍹 Rio de Janeiro
21%
🍛🛕🛺 Mumbai
13%
🚅🍜🏯 Seoul
6%
🕌🛶🏟️ Istanbul
5%
🏰🌳🐎 Edimburgo
1%
Nessun quiz corrispondente trovato
Distribuzione punteggi
Percentuale di utenti per punteggio
Percentile per numero di risposta
I tuoi punteggi nel tempo
Non hai fatto questo quiz